000 004550000a22001690004500
003 MACL
005 20160108123626.0
008 160108b xxu||||| |||| 00| 0 eng d
040 _aMACL
_cMACL
041 _aEnglish
082 _a920/CAX
100 _aCaxton, William
_929586
245 _aThe Golden Legend or Lives of the Saints as Englished
_bvol 5
260 _bJ M Dent & Sons LTD
_aLondon
650 _aBiography
_929587
942 _cBK
_k920/CAX
_2ddc
999 _c38078
_d38078